[Event "AUTO-OPEN-4118"]
[Site "http://www.queenalice.com/game.php?id=1592429"]
[Date "2019.12.8"]
[Round "1"]
[White "aogjba"]
[Black "uschmidi"]
[Result "0-1"]
[WhiteElo "1328"]
[BlackElo "2020"]

1. e4 e5 2. Nf3 Nc6 3. Bb5 d6 4. O-O Bd7 5. d3 h6 6. Nc3 Nf6 7. Nd5 Nxd5 8. exd5
Nb4 9. Bxd7+ Qxd7 10. c4 Qf5 11. a3 Nxd3 12. Be3 Be7 13. g3 Nxb2 14. Qb3 Nd3 15.
Qxb7 O-O 16. Qxc7 Rfe8 17. Nh4 Bxh4 18. gxh4 Qg6+ 19. Kh1 Qf6 20. Rad1 e4 21. f3
Nb2 22. Rb1 exf3 23. Rbc1 Rxe3 24. c5 dxc5 25. d6 Re2 26. d7 Rd8 27. Rfe1 f2 28.
Rxe2 Qf3# 0-1

[Event "AUTO-OPEN-4118"]
[Site "http://www.queenalice.com/game.php?id=1592430"]
[Date "2019.12.8"]
[Round "1"]
[White "uschmidi"]
[Black "aogjba"]
[Result "1-0"]
[WhiteElo "2008"]
[BlackElo "1368"]

1. d4 d6 2. e4 Nf6 3. Nc3 g6 4. Nf3 Bg7 5. Bc4 O-O 6. Be3 Nbd7 7. O-O b6 8. h3
c5 9. e5 Nh5 10. Bd5 Rb8 11. g4 Nhf6 12. exf6 Nxf6 13. Qe2 Bb7 14. Bxb7 Rxb7 15.
Rad1 Qd7 16. b3 a5 17. dxc5 bxc5 18. Qe1 Qe6 19. Bg5 h6 20. Bd2 Qxe1 21. Rfxe1
e6 22. a4 d5 23. Nb5 Ne4 24. Bxa5 d4 25. Rxe4 h5 26. Nd6 Rd7 27. Nc4 e5 28.
Nfxe5 Re7 29. f3 Rfe8 30. Rde1 Bxe5 31. Nxe5 f6 32. Nxg6 Rxe4 33. Rxe4 Rxe4 34.
fxe4 Kg7 35. gxh5 Kh6 36. Nf4 Kg5 37. Bd2 f5 38. Ne6+ Kxh5 39. exf5 1-0

[Event "AUTO-INT-3484"]
[Site "http://www.queenalice.com/game.php?id=1592522"]
[Date "2019.12.8"]
[Round "1"]
[White "vangogh"]
[Black "aogjba"]
[Result "1-0"]
[WhiteElo "1700"]
[BlackElo "1364"]

1. e4 d6 2. d4 Nf6 3. Nc3 g6 4. e5 dxe5 5. dxe5 Qxd1+ 6. Nxd1 Nh5 7. g4 Ng7 8.
h3 Nc6 9. Bb5 a6 10. Bxc6+ bxc6 11. Nc3 e6 12. Bg5 Bb7 13. O-O-O c5 14. Nge2
Bxh1 15. Rxh1 c4 16. Nd4 Be7 17. Bh6 O-O 18. Nc6 Bh4 19. f3 f5 20. f4 a5 21. Nb5
Ra6 22. Ncd4 fxg4 23. Nxc7 Rb6 24. hxg4 Bg3 25. Bxg7 Kxg7 26. Ncxe6+ Kf7 27.
Ng5+ Kg7 28. Nge6+ Kf7 29. Nxf8 Bxf4+ 30. Kd1 Bxe5 31. Rf1+ Kg7 32. Nd7 Rd6 33.
c3 Bxd4 34. cxd4 Rxd7 35. Rf4 g5 36. Re4 h6 37. Kd2 Kf6 38. Kc3 Kg6 39. Kxc4
Rc7+ 40. Kb5 Ra7 41. a4 h5 42. Kb6 Ra8 43. Re6+ Kf7 44. Re4 Re8 45. Rxe8 1-0

[Event "AUTO-INT-3484"]
[Site "http://www.queenalice.com/game.php?id=1592523"]
[Date "2019.12.8"]
[Round "1"]
[White "aogjba"]
[Black "vangogh"]
[Result "0-1"]
[WhiteElo "1361"]
[BlackElo "1703"]

1. d4 d5 2. Nc3 e6 3. e4 c6 4. e5 Bb4 5. Nf3 f6 6. g3 f5 7. Bg2 Qa5 8. O-O Bxc3
9. bxc3 Qxc3 10. Bd2 Qc4 11. c3 Ne7 12. Qb3 Qd3 13. Bg5 Ng6 14. h4 h6 15. Ne1
Qc4 16. Qxc4 dxc4 17. Rb1 hxg5 18. hxg5 Nd7 19. Nc2 Rh5 20. f4 Nb6 21. Nb4 Bd7
22. Bf3 Rh8 23. g4 Nxf4 24. gxf5 exf5 25. Bg2 Ne2+ 26. Kf2 Nxc3 27. Rbe1 a5 28.
Nc2 Nxa2 29. e6 Bc8 30. e7 Nd5 31. Bxd5 cxd5 32. Re5 Rh2+ 33. Kg1 Rxc2 34. Rf2
Rxf2 35. Kxf2 g6 36. Ke2 Bd7 37. Kd2 Kf7 38. e8=Q+ Bxe8 39. Rxd5 a4 40. Rc5 b5
41. Rc7+ Kf8 42. d5 Rd8 43. Ke3 Rxd5 44. Rc8 Ke7 0-1

[Event "AUTO-INT-3484"]
[Site "http://www.queenalice.com/game.php?id=1592550"]
[Date "2019.12.8"]
[Round "1"]
[White "aogjba"]
[Black "NickThorp"]
[Result "0-1"]
[WhiteElo "1328"]
[BlackElo "1683"]

1. d4 d5 2. Nc3 Nf6 3. e3 Bg4 4. Nf3 e6 5. h3 Bh5 6. g4 Bg6 7. Bd3 Bxd3 8. Qxd3
Bb4 9. a3 Ba5 10. O-O O-O 11. Ne5 Nc6 12. Nxc6 bxc6 13. b4 Bb6 14. g5 Ne4 15.
Nxe4 dxe4 16. Qxe4 Qd6 17. Bb2 Rfe8 18. d5 cxd5 19. Qd3 a5 20. Qc3 e5 21. f4
Bxe3+ 22. Kg2 Bxf4 23. Rae1 d4 24. Qc4 Bxg5 25. Qxf7+ Kh8 26. c3 Bf6 27. c4 Rf8
28. Qd5 axb4 0-1

[Event "AUTO-INT-3484"]
[Site "http://www.queenalice.com/game.php?id=1592551"]
[Date "2019.12.8"]
[Round "1"]
[White "NickThorp"]
[Black "aogjba"]
[Result "1-0"]
[WhiteElo "1709"]
[BlackElo "1366"]

1. e4 d6 2. d4 Nf6 3. Nc3 g6 4. Bg5 Bg7 5. Nf3 O-O 6. Bc4 e6 7. O-O Nc6 8. d5
Nb4 9. dxe6 Bxe6 10. Bxe6 fxe6 11. a3 Nc6 12. h3 d5 13. exd5 exd5 14. Nxd5 Nxd5
15. c3 b6 16. Bxd8 Raxd8 17. Nd4 Nxd4 18. Qxd4 Bxd4 19. cxd4 Nf6 20. Rad1 Ne4
21. f3 Ng3 22. Rf2 Rf4 23. d5 Rf7 24. b4 Rfd7 25. Rfd2 Rxd5 26. Rxd5 Rxd5 27.
Rxd5 Ne2+ 28. Kf2 Nc3 29. Rd7 1-0

[Event "AUTO-OPEN-4119"]
[Site "http://www.queenalice.com/game.php?id=1592800"]
[Date "2019.12.11"]
[Round "1"]
[White "aogjba"]
[Black "Takeda"]
[Result "0-1"]
[WhiteElo "1338"]
[BlackElo "2099"]

1. e4 g6 2. Nc3 Bg7 3. Bc4 d6 4. g3 Nf6 5. Nf3 Nxe4 6. Nxe4 d5 7. Bxd5 Qxd5 8.
Qe2 Bg4 9. O-O f5 10. Nc3 Qxf3 11. Qxf3 Bxf3 12. d3 O-O 13. Bf4 e5 14. Be3 Nc6
15. h4 Nd4 16. Bxd4 exd4 17. Nb5 c6 0-1

[Event "AUTO-OPEN-4119"]
[Site "http://www.queenalice.com/game.php?id=1592801"]
[Date "2019.12.11"]
[Round "1"]
[White "Takeda"]
[Black "aogjba"]
[Result "1-0"]
[WhiteElo "2101"]
[BlackElo "1336"]

1. e4 d6 2. d4 Nf6 3. Nc3 Nc6 4. Bb5 g6 5. d5 Bd7 6. Nf3 Bg7 7. dxc6 Bxc6 8.
Bxc6+ bxc6 9. O-O O-O 10. e5 dxe5 11. Nxe5 Qxd1 12. Rxd1 Rad8 13. Rxd8 Rxd8 14.
Nxc6 Rd6 15. Nxe7+ 1-0

[Event "AUTO-OPEN-4119"]
[Site "http://www.queenalice.com/game.php?id=1592802"]
[Date "2019.12.11"]
[Round "1"]
[White "aogjba"]
[Black "renard77"]
[Result "0-1"]
[WhiteElo "1312"]
[BlackElo "1947"]

1. c4 e5 2. Nc3 Nc6 3. Nf3 Nf6 4. g3 d6 5. Bg2 Be7 6. O-O O-O 7. d3 a6 8. Nd5
Nxd5 9. cxd5 Nb8 10. d4 e4 11. Nh4 Bxh4 12. gxh4 Nd7 13. e3 Nf6 14. b3 Qe7 15.
Qc2 Bf5 16. f3 h6 17. fxe4 Bxe4 18. Bxe4 Nxe4 19. Rf4 f5 20. h5 Qg5+ 21. Kh1
Qxh5 22. Bb2 Qh3 0-1

[Event "AUTO-OPEN-4119"]
[Site "http://www.queenalice.com/game.php?id=1592803"]
[Date "2019.12.11"]
[Round "1"]
[White "renard77"]
[Black "aogjba"]
[Result "1-0"]
[WhiteElo "1945"]
[BlackElo "1334"]

1. d4 d5 2. Nf3 Nc6 3. e3 Nf6 4. Nc3 b6 5. Be2 Bb7 6. O-O g6 7. Bd3 Bg7 8. Ne2
O-O 9. c3 Qd6 10. h3 e6 11. Ng3 e5 12. Bc2 exd4 13. Nxd4 Nxd4 14. exd4 c5 15.
Be3 cxd4 16. Bxd4 Ne4 17. Bxg7 Kxg7 18. Nxe4 Qe5 19. Nd2 d4 20. cxd4 Qd5 21. Nf3
1-0

[Event "AUTO-INT-3485"]
[Site "http://www.queenalice.com/game.php?id=1592848"]
[Date "2019.12.12"]
[Round "1"]
[White "DAN1958"]
[Black "aogjba"]
[Result "1-0"]
[WhiteElo "1533"]
[BlackElo "1353"]

1. e4 d6 2. d4 Nf6 3. f3 g6 4. d5 Bg7 5. c3 O-O 6. Ne2 c6 7. Nf4 c5 8. Qb3 Nbd7
9. c4 b6 10. Bd3 Bb7 11. O-O e5 12. Ne2 Qe7 13. Be3 a5 14. Nbc3 Nh5 15. Nb5 Nhf6
16. Bg5 h6 17. Be3 g5 18. h3 Ba6 19. Nc7 Rac8 20. Nxa6 Nb8 21. Nxb8 Rxb8 22. Ng3
Qa7 23. Nf5 Qd7 24. Qb5 Qxb5 25. cxb5 1-0

[Event "AUTO-INT-3485"]
[Site "http://www.queenalice.com/game.php?id=1592864"]
[Date "2019.12.12"]
[Round "1"]
[White "NickThorp"]
[Black "aogjba"]
[Result "1-0"]
[WhiteElo "1681"]
[BlackElo "1330"]

1. e4 d6 2. d4 Nf6 3. Nc3 g6 4. Bg5 Bg7 5. Bc4 O-O 6. h3 Nbd7 7. Nf3 c5 8. dxc5
Nxc5 9. Qd4 Nfxe4 10. Qd5 e6 11. Bxd8 exd5 12. Bxd5 Bxc3+ 13. bxc3 Nxc3 14. Be7
Re8 15. O-O Rxe7 16. Rfe1 Ne2+ 17. Kf1 Nc3 18. Rxe7 Kf8 19. Rxf7+ Ke8 20. Rxh7
Be6 21. Bxe6 1-0

[Event "AUTO-INT-3485"]
[Site "http://www.queenalice.com/game.php?id=1592865"]
[Date "2019.12.12"]
[Round "1"]
[White "aogjba"]
[Black "NickThorp"]
[Result "0-1"]
[WhiteElo "1332"]
[BlackElo "1679"]

1. e4 e5 2. Nf3 Nc6 3. d3 d6 4. Nc3 Bg4 5. h3 Bh5 6. g4 Bg6 7. Bg2 Nf6 8. Bg5
Be7 9. Bxf6 Bxf6 10. g5 Bxg5 11. O-O Bf4 12. Nd5 Bh6 13. b3 Nd4 14. Nxd4 exd4
15. f4 Qh4 16. Qe1 O-O-O 17. Qxh4 f5 18. Ne7+ Kd7 19. Nd5 fxe4 20. dxe4 Kc8 21.
Qg4+ Kb8 22. Qe6 Rhe8 0-1

[Event "AUTO-INT-3485"]
[Site "http://www.queenalice.com/game.php?id=1592876"]
[Date "2019.12.12"]
[Round "1"]
[White "aogjba"]
[Black "ajr"]
[Result "0-1"]
[WhiteElo "1320"]
[BlackElo "1581"]

1. e4 c5 2. Nf3 a6 3. g3 d6 4. Bg2 e5 5. O-O h6 6. Nc3 Bg4 7. h3 Bxf3 8. Bxf3
Nc6 9. d3 Nf6 10. Nd5 Nxd5 11. exd5 Nd4 12. Bg4 g6 13. c3 Nb5 14. c4 Nc7 15. b3
h5 16. Bf3 Qd7 17. Bg5 Qf5 18. h4 Kd7 19. Be4 Qg4 20. Qxg4+ hxg4 0-1

[Event "AUTO-INT-3485"]
[Site "http://www.queenalice.com/game.php?id=1592877"]
[Date "2019.12.12"]
[Round "1"]
[White "ajr"]
[Black "aogjba"]
[Result "1-0"]
[WhiteElo "1575"]
[BlackElo "1326"]

1. d4 d5 2. h3 e6 3. Nf3 g6 4. a3 Nf6 5. Nc3 Bg7 6. Bg5 O-O 7. Bxf6 Bxf6 8. e3
Nc6 9. b4 b6 10. Bb5 Bb7 11. Bxc6 Bxc6 12. Ne5 Bb5 13. Nxb5 Bxe5 14. dxe5 c6 15.
Nd4 a6 16. Nxc6 Qc7 17. Nd4 Rac8 18. Qe2 Qxe5 19. O-O Rc7 20. Qxa6 f5 21. Qxb6
1-0

[Event "Challenge"]
[Site "http://www.queenalice.com/game.php?id=1596126"]
[Date "2020.1.13"]
[Round "-"]
[White "aogjba"]
[Black "RJGF"]
[Result "0-1"]
[WhiteElo "1310"]
[BlackElo "2184"]

1. c4 e5 2. Nc3 Nf6 3. g3 c6 4. Bg2 d5 5. c5 Bxc5 6. Nf3 e4 7. Nh4 g5 8. Nf3
exf3 9. Bxf3 Bf5 10. O-O O-O 0-1